Waar of niet waar: België - Statistieken

Algemene statistieken
  • Deze quiz is 3.774 keer genomen
    3.677 sinds de laatste reset
  • De gemiddelde score is 20 van 30
Antwoordstatistieken
Vraag Antwoord % Correct
België heeft slechts 1 officiële taal. Niet waar
98%
In Vlaanderen, het noordelijk deel van België, spreekt men voornamelijk Frans. Niet waar
96%
België is het laagstgelegen land van Europa. Niet waar
94%
België maakt geen gebruik van de euro om te betalen. Niet waar
93%
België is een monarchie. Er staat een koning aan het hoofd. Waar
92%
De hoofdstad van België, Brussel, is eveneens één van de (onofficiële) hoofdsteden van de Europese Unie. Waar
91%
België is ontstaan na afsplitsing van Nederland. Waar
80%
De biercultuur in België staat op de UNESCO-erfgoedlijst. Waar
79%
Antwerpen is de diamanthoofdstad van de wereld. Waar
78%
België is het dichtbevolktste land van de Europese Unie. Niet waar
77%
België heeft het wereldrecord "regeringsvorming" op zijn naam staan. Waar
75%
Julius Caesar noemde de Belgen de aller dappersten der Galliërs. Waar
74%
Antwerpen is de grootste stad van Vlaanderen. Waar
73%
O dierbaar België... Het volkslied van België heet de Marseillaise. Niet waar
69%
Antwerpen is de hoofdstad van Vlaanderen. Het Vlaams Parlement is er gevestigd. Niet waar
67%
Stemmen is verplicht in België voor de federale verkiezingen. Waar
66%
De Belgische kusttram rijdt op de langste, ononderbroken tramlijn ter wereld. Waar
62%
De frietjes werden niet uitgevonden in België, ook al beweren ze van wel. Niet waar
60%
De kleinste stad ter wereld ligt in Vlaanderen. Niet waar
57%
Het gebruik van de TV (en andere multimedia) is in België sterk ingeburgerd. Het aantal apparaten per persoon is bij de hoogste aantallen in de wereld. Waar
57%
Luik is de hoofdstad van Wallonië. Het Waals Parlement is er gevestigd. Niet waar
56%
De langste bar ter wereld bevindt zich in Wallonië. Niet waar
55%
Brussel heeft de oudste universiteit van de Lage Landen. Niet waar
51%
België opende de eerste spoorlijn op het Europese vasteland. Waar
51%
België was 's werelds eerste land met een eerste minister die openlijk homo was. Waar
50%
België heeft de meeste kastelen per vierkante kilometer. Waar
48%
In België is de kloof tussen het loon van mannen en vrouwen bij de laagste van de Europese Unie. Waar
48%
Het Justitiepaleis van Brussel is het grootste ter wereld. Waar
38%
België is onderverdeeld in 11 provincies: 5 Vlaamse, 5 Waalse en Brussel. Niet waar
36%
Luik is de grootste stad van Wallonië. Niet waar
24%
Geen overeenkomende quizzen gevonden
Scoreverdeling
Procent van Mensen met Elke Score
Percentiel versus Aantal Correcte Antwoorden
Uw Scoregeschiedenis
U heeft deze quiz nog niet genomen sinds de laatste reset